[Event "AUT-chT (Women) 2324"]
[Site "Austria"]
[Date "2024.04.13"]
[Round "8.2"]
[White "Hrescak, Ivana"]
[Black "Schloffer, Jasmin Denise"]
[Result "1/2-1/2"]
[WhiteElo "2090"]
[BlackElo "2174"]
[PlyCount "100"]
[EventDate "2023.11.24"]
[EventType "team-tourn"]
[EventRounds "9"]
[EventCountry "AUT"]
[SourceTitle "CB16_2024"]
[SourceDate "2024.04.17"]
[SourceVersion "1"]
[SourceVersionDate "2024.04.17"]
[SourceQuality "1"]
[WhiteTeam "Baden (W)"]
[BlackTeam "Mayrhofen/Zillertal (W)"]
[WhiteTeamCountry "AUT"]
[BlackTeamCountry "AUT"]

1. d4 Nf6 2. c4 e6 3. Nc3 Bb4 4. e3 b6 5. Bd3 Bb7 6. Nf3 Ne4 7. Bd2 Bxc3 8. Bxc3 f5 9. Qe2 0-0 10. Rd1 d6 11. 0-0 Nd7 12. Nd2 Qh4 13. f3 Nxc3 14. bxc3 Nf6 15. Qf2 Qh6 16. Rfe1 Rae8 17. Rb1 Nd7 18. e4 f4 19. Nb3 Qh5 20. c5 dxc5 21. dxc5 Ne5 22. Be2 Rf6 23. Nd4 Rh6 24. h3 Rg6 25. Kf1 Nf7 26. cxb6 axb6 27. Red1 Qa5 28. Nb5 Rc8 29. Rb3 Qa8 30. Ra3 Qb8 31. c4 e5 32. c5 Rd8 33. Rxd8+ Qxd8 34. Rd3 Qc8 35. Rd1 Ba6 36. a4 c6 37. Nc3 bxc5 38. Qxc5 Bxe2+ 39. Nxe2 Qa6 40. Qb4 h6 41. Rd2 c5 42. Qxc5 Qxa4 43. Qc8+ Kh7 44. Qd7 Qxd7 45. Rxd7 Rf6 46. Nc3 Kg6 47. Nd5 Ra6 48. Ne7+ Kf6 49. Nd5+ Kg6 50. Ne7+ Kf6 1/2-1/2

[Event "Graz Moser Memorial (Women)"]
[Site "Graz"]
[Date "2024.02.28"]
[Round "4"]
[White "Bodnaruk, Anastasia"]
[Black "Schloffer, Jasmin Denise"]
[Result "1-0"]
[WhiteElo "2340"]
[BlackElo "2178"]
[PlyCount "123"]
[EventDate "2024.02.25"]
[EventType "tourn"]
[EventRounds "9"]
[EventCountry "AUT"]
[SourceTitle "CB10_2024"]
[SourceDate "2024.03.06"]
[SourceVersion "1"]
[SourceVersionDate "2024.03.06"]
[SourceQuality "1"]

1. e4 c6 2. d4 d5 3. f3 dxe4 4. fxe4 e5 5. Nf3 Bg4 6. Bc4 Nd7 7. c3 Bd6 8. Qb3 Qe7 9. Qxb7 Rb8 10. Qxc6 Bxf3 11. gxf3 Ngf6 12. Be3 0-0 13. Nd2 Rxb2 14. Bb3 exd4 15. cxd4 Bb4 16. Rc1 Nb6 17. Ke2 Nh5 18. Rc2 Rxc2 19. Qxc2 Rc8 20. Qb1 Rc3 21. Qg1 Qd7 22. Qg5 g6 23. Rg1 Ng7 24. h4 Ne6 25. Bxe6 Qxe6 26. h5 Qc8 27. hxg6 hxg6 28. Rh1 Bf8 29. Qh4 Bg7 30. Qh7+ Kf8 31. Bh6 Bxh6 32. Qxh6+ Ke7 33. Qg5+ Kd7 34. Rh7 Qa6+ 35. Kf2 Qxa2 36. Kg3 Qe6 37. Qb5+ Kc7 38. Qa5 Qd6+ 39. e5 Qxd4 40. Rxf7+ Kc6 41. Rf6+ Kb7 42. Ne4 Qg1+ 43. Kh4 Qh1+ 44. Kg4 Qg1+ 45. Ng3 Rc4+ 46. f4 g5 47. Rf7+ Kc6 48. Qa3 Rxf4+ 49. Rxf4 gxf4 50. Qd6+ Kb5 51. Kxf4 Qf2+ 52. Kg4 Qc5 53. Qxc5+ Kxc5 54. Kf5 a5 55. Ne4+ Kc6 56. Nc3 Nd5 57. Nxd5 Kxd5 58. e6 Kc4 59. e7 Kb3 60. e8Q a4 61. Qb5+ Ka3 62. Ke4 1-0

[Event "BL 2223 (Women)"]
[Site "Germany"]
[Date "2023.04.29"]
[Round "9.4"]
[White "Arabidze, Meri"]
[Black "Schloffer, Jasmin Denise"]
[Result "1-0"]
[WhiteElo "2422"]
[BlackElo "2086"]
[PlyCount "93"]
[EventDate "2022.10.15"]
[EventType "team-tourn"]
[EventRounds "11"]
[EventCountry "GER"]
[SourceTitle "EXT 2024"]
[Source "ChessBase"]
[SourceDate "2023.10.10"]
[SourceVersion "1"]
[SourceVersionDate "2023.10.10"]
[SourceQuality "1"]
[WhiteTeam "Schwaebisch Hall (W)"]
[BlackTeam "Bayern Muenchen (W)"]
[WhiteTeamCountry "GER"]
[BlackTeamCountry "GER"]

1. d4 Nf6 2. c4 e6 3. Nf3 b6 4. g3 Ba6 5. Qa4 Bb7 6. Bg2 c5 7. dxc5 Bxc5 8. 0-0 0-0 9. Nc3 Be7 10. Rd1 Na6 11. Bf4 Nc5 12. Qc2 Qc8 13. Rd4 d5 14. Rc1 dxc4 15. Rxc4 Ba6 16. Rd4 Bb7 17. Nb5 Rd8 18. Bd6 Be4 19. Qd1 Qb7 20. b4 Na6 21. a3 Bd5 22. Bxe7 Qxe7 23. Ne5 Bxg2 24. Kxg2 Qb7+ 25. Kg1 Rxd4 26. Qxd4 Qd5 27. Qxd5 Nxd5 28. e4 Ne7 29. Kg2 Kf8 30. f4 f6 31. Nf3 Rc8 32. Rxc8+ Nxc8 33. Nfd4 Nb8 34. Nxe6+ Kf7 35. Ned4 a5 36. bxa5 bxa5 37. Kf3 Nb6 38. e5 fxe5 39. fxe5 Ke7 40. Ke4 g6 41. Nc3 Nc4 42. Nd5+ Ke8 43. a4 Nd7 44. Nc6 Nd2+ 45. Ke3 Nc4+ 46. Kd4 Ncb6 47. e6 1-0

[Event "BL 2223 (Women)"]
[Site "Germany"]
[Date "2023.03.11"]
[Round "7.2"]
[White "Schloffer, Jasmin Denise"]
[Black "Sliwicka, Alicja"]
[Result "1/2-1/2"]
[WhiteElo "2086"]
[BlackElo "2254"]
[PlyCount "157"]
[EventDate "2022.10.15"]
[EventType "team-tourn"]
[EventRounds "11"]
[EventCountry "GER"]
[SourceTitle "CBM 213 Extra"]
[Source "ChessBase"]
[SourceDate "2023.05.31"]
[SourceVersion "1"]
[SourceVersionDate "2023.05.31"]
[SourceQuality "1"]
[WhiteTeam "Bayern Muenchen (W)"]
[BlackTeam "Rodewisch (W)"]
[WhiteTeamCountry "GER"]
[BlackTeamCountry "GER"]

1. d4 d5 2. c4 e6 3. Nc3 Nf6 4. cxd5 exd5 5. Bg5 c6 6. e3 h6 7. Bh4 Be7 8. Bd3 0-0 9. Qc2 Re8 10. Nge2 Nbd7 11. 0-0 Nh5 12. Bxe7 Qxe7 13. Rab1 a5 14. Na4 Nhf6 15. Rfe1 Ne4 16. f3 b5 17. Nac3 Nxc3 18. Nxc3 Nb6 19. e4 Qh4 20. Ne2 Bd7 21. e5 Rac8 22. Qd2 Nc4 23. Qf4 Qe7 24. b3 Nb6 25. Rbd1 a4 26. Ng3 Ra8 27. Rc1 axb3 28. axb3 Ra3 29. Bc2 Rea8 30. h4 Be6 31. Nh5 Kh8 32. Qg3 g6 33. Qf4 Kh7 34. Nf6+ Kg7 35. h5 g5 36. Qe3 Nd7 37. Ng4 Qb4 38. Qd3 Rh8 39. Ne3 c5 40. Nf5+ Kf8 41. dxc5 Nxc5 42. Qe3 Nxb3 43. Rb1 d4 44. Qe4 Kg8 45. Bxb3 Rxb3 46. Nxd4 Rxb1 47. Rxb1 Qc4 48. Rxb5 Kg7 49. Nf5+ Kh7 50. Qxc4 Bxc4 51. Rb6 Be6 52. Nd4 Bc8 53. Kf2 Rd8 54. Ke3 Rd5 55. Ke4 Rc5 56. g4 Ra5 57. Rb8 Rc5 58. Rb6 Ra5 59. e6 fxe6 60. Nxe6 Bxe6 61. Rxe6 Ra4+ 62. Ke5 Rf4 63. Rf6 Ra4 64. Rf7+ Kg8 65. Rf5 Kg7 66. Ke6 Ra6+ 67. Ke5 Ra5+ 68. Ke4 Ra4+ 69. Ke3 Ra3+ 70. Kf2 Ra2+ 71. Kg3 Ra3 72. Rb5 Ra4 73. Rb7+ Kg8 74. Re7 Ra2 75. f4 Ra3+ 76. Kf2 Ra4 77. fxg5 Rxg4 78. gxh6 Rg5 79. Kf3 1/2-1/2

[Event "Nova Gorica op-A 26th"]
[Site "Nova Gorica"]
[Date "2022.09.19"]
[Round "6"]
[White "Thavandiran, Shiyam"]
[Black "Schloffer, Jasmin Denise"]
[Result "1-0"]
[WhiteElo "2363"]
[BlackElo "2127"]
[PlyCount "63"]
[EventDate "2022.09.16"]
[EventType "swiss"]
[EventRounds "9"]
[EventCountry "SLO"]
[SourceTitle "CBM 210 Extra"]
[Source "ChessBase"]
[SourceDate "2022.11.30"]
[SourceVersion "1"]
[SourceVersionDate "2022.11.30"]
[SourceQuality "1"]

1. e4 e5 2. Bc4 Nf6 3. d3 Nc6 4. Nc3 Na5 5. Nge2 Nxc4 6. dxc4 d6 7. 0-0 Be7 8. b3 Be6 9. f4 exf4 10. Nxf4 Qd7 11. h3 0-0-0 12. Qd4 c5 13. Qd3 Rhg8 14. Bb2 Kb8 15. Rae1 Ne8 16. Ncd5 f6 17. Bc3 Nc7 18. Ba5 b6 19. Bd2 Bf7 20. a4 Ne6 21. a5 Nxf4 22. Bxf4 g5 23. Bg3 Bxd5 24. exd5 h5 25. Qh7 Rde8 26. Rxe7 Qxe7 27. Qxe7 Rxe7 28. Bxd6+ Rc7 29. Rxf6 Rgg7 30. a6 Kc8 31. Bxc7 Kxc7 32. Kf2 1-0

[Event "EU-ch (Women) 22nd"]
[Site "Prague"]
[Date "2022.08.21"]
[Round "2"]
[White "Sandu, Mihaela"]
[Black "Schloffer, Jasmin Denise"]
[Result "1/2-1/2"]
[WhiteElo "2297"]
[BlackElo "2127"]
[PlyCount "87"]
[EventDate "2022.08.20"]
[EventType "swiss"]
[EventRounds "11"]
[EventCountry "CZE"]
[SourceTitle "CBM 209 Extra"]
[Source "ChessBase"]
[SourceDate "2022.09.30"]
[SourceVersion "1"]
[SourceVersionDate "2022.09.30"]
[SourceQuality "1"]

1. e4 e5 2. Nf3 Nc6 3. Bb5 a6 4. Ba4 Nf6 5. 0-0 Be7 6. Re1 b5 7. Bb3 d6 8. c3 0-0 9. h3 Na5 10. Bc2 c5 11. d4 Qc7 12. Nbd2 cxd4 13. cxd4 Nc6 14. Nb3 a5 15. Be3 a4 16. Nbd2 Nb4 17. Bb1 Bd7 18. a3 Nc6 19. Bd3 Qb7 20. Qe2 Rfe8 21. Rac1 Rab8 22. dxe5 dxe5 23. Bc5 Nh5 24. Qe3 Nf4 25. Bxe7 Rxe7 26. Rc5 b4 27. Bb5 Ne6 28. Bxc6 Bxc6 29. Rxe5 f6 30. Ra5 Qc7 31. axb4 Rxb4 32. Ra6 Qb7 33. Qc3 Bxe4 34. Ra7 Qxa7 35. Qxb4 Bd5 36. Nd4 Rb7 37. Qd6 Rd7 38. Nb5 Rxd6 39. Nxa7 Kf7 40. Ne4 Bxe4 41. Rxe4 Rd1+ 42. Kh2 Rd2 43. Rxa4 Rxb2 44. Kg1 1/2-1/2

[Event "EU-ch (Women) 21st"]
[Site "Iasi"]
[Date "2021.08.19"]
[Round "10"]
[White "Schloffer, Jasmin Denise"]
[Black "Levitan, Ronit"]
[Result "1/2-1/2"]
[WhiteElo "2070"]
[BlackElo "2012"]
[PlyCount "80"]
[EventDate "2021.08.09"]
[EventType "swiss"]
[EventRounds "11"]
[EventCountry "ROU"]
[SourceTitle "CBM 203 Extra"]
[Source "ChessBase"]
[SourceDate "2021.09.30"]
[SourceVersion "1"]
[SourceVersionDate "2021.09.30"]
[SourceQuality "1"]

1. d4 Nf6 2. c4 e6 3. Nc3 Bb4 4. e3 0-0 5. Nge2 d5 6. a3 Be7 7. cxd5 exd5 8. Nf4 c6 9. Bd3 a5 10. 0-0 Na6 11. f3 Nc7 12. Bc2 Ne6 13. e4 dxe4 14. Nxe6 Bxe6 15. fxe4 Bg4 16. Qd3 Bh5 17. Bf4 Bg6 18. Rad1 Qd7 19. Qd2 Rad8 20. Kh1 Rfe8 21. e5 Bxc2 22. Qxc2 Nd5 23. Qf2 f6 24. Ne4 Nxf4 25. exf6 Bd6 26. Nxd6 Qxd6 27. Qxf4 Qxf4 28. Rxf4 gxf6 29. Rxf6 Rxd4 30. Rdf1 Rd2 31. R6f5 b5 32. Rc5 Re6 33. b4 axb4 34. axb4 Rf6 35. Kg1 Rxf1+ 36. Kxf1 Rb2 37. Rxc6 Rxb4 38. Kf2 Rd4 39. Rb6 b4 40. Rb7 Rc4 1/2-1/2

[Event "AUT-ch Zwisch Internet"]
[Site "Playchess.com INT"]
[Date "2020.05.02"]
[Round "8"]
[White "Borrmann, Laurenz"]
[Black "Schloffer, Jasmin Denise"]
[Result "1/2-1/2"]
[WhiteElo "1880"]
[BlackElo "2110"]
[PlyCount "127"]
[EventDate "2020.05.02"]
[EventType "swiss (blitz)"]
[EventRounds "13"]
[EventCountry "AUT"]
[SourceTitle "CBM 195 Extra"]
[Source "ChessBase"]
[SourceDate "2020.05.31"]
[SourceVersion "1"]
[SourceVersionDate "2020.05.31"]
[SourceQuality "1"]

1. Nf3 Nf6 2. g3 e6 3. Bg2 d5 4. 0-0 Be7 5. d3 0-0 6. Nbd2 c5 7. e4 Nc6 8. e5 Nd7 9. Re1 b5 10. Nf1 Bb7 11. h4 Qc7 12. Bf4 Rfc8 13. N1h2 Qd8 14. h5 h6 15. Ng4 Bf8 16. Qd2 Nd4 17. c3 Nxf3+ 18. Bxf3 Rab8 19. d4 cxd4 20. cxd4 Rc4 21. a3 Rbc8 22. Rac1 Qc7 23. Rxc4 Qxc4 24. Rc1 Qxc1+ 25. Qxc1 Rxc1+ 26. Bxc1 Nb6 27. b3 a5 28. Ne3 Be7 29. Kf1 Kf8 30. Ke2 Ke8 31. Kd3 Kd7 32. Kd2 Kc6 33. Bb2 Ba6 34. Be2 Kb7 35. f4 b4 36. Bxa6+ Kxa6 37. a4 Nd7 38. Kd3 Kb6 39. Bc1 Kc6 40. Bd2 f6 41. Ng4 f5 42. Ne3 Nf8 43. g4 fxg4 44. Nxg4 Kd7 45. Ne3 g6 46. hxg6 Nxg6 47. f5 Nf4+ 48. Kc2 h5 49. f6 Bf8 50. Nf5 Ng6 51. Ng3 h4 52. Nf1 h3 53. Kd1 Ke8 54. Ke2 Kf7 55. Kf2 Nh4 56. Kg3 Nf5+ 57. Kxh3 Nxd4 58. Nh2 Nxb3 59. Nf3 Nxd2 60. Nxd2 Bc5 61. Nb3 Bb6 62. Kg4 Bc7 63. Kf4 Bb6 64. Kg4 1/2-1/2

[Event "AUT-ch Zwisch Internet"]
[Site "Playchess.com INT"]
[Date "2020.05.02"]
[Round "4"]
[White "Schloffer, Jasmin Denise"]
[Black "Froewis, Georg"]
[Result "0-1"]
[WhiteElo "2110"]
[BlackElo "2457"]
[PlyCount "84"]
[EventDate "2020.05.02"]
[EventType "swiss (blitz)"]
[EventRounds "13"]
[EventCountry "AUT"]
[SourceTitle "CBM 195 Extra"]
[Source "ChessBase"]
[SourceDate "2020.05.31"]
[SourceVersion "1"]
[SourceVersionDate "2020.05.31"]
[SourceQuality "1"]

1. d4 e6 2. c4 c5 3. d5 exd5 4. cxd5 d6 5. Nc3 g6 6. e4 a6 7. a4 Bg7 8. Nf3 Bg4 9. Be2 Nf6 10. h3 Bxf3 11. Bxf3 Nbd7 12. Bf4 Qe7 13. 0-0 0-0 14. Re1 Rab8 15. a5 b5 16. axb6 Rxb6 17. Na4 Rb4 18. Qc2 Rfb8 19. Bd2 R4b7 20. Bc3 Ne8 21. Bxg7 Nxg7 22. Qc3 Qe5 23. Qc2 Ne8 24. Be2 Nc7 25. Bd3 Nb5 26. Rf1 Nd4 27. Qd1 a5 28. f4 Qe7 29. Re1 Rb3 30. Ra3 Qh4 31. Rf1 Rxa3 32. bxa3 Rb3 33. Qd2 Rxa3 34. Nc3 Rb3 35. Bc4 Rb4 36. Bd3 a4 37. Re1 a3 38. e5 Rb2 39. Qe3 Nf3+ 40. Qxf3 Qxe1+ 41. Bf1 dxe5 42. fxe5 Nxe5 0-1